000 00631nam a22002177a 4500
003 UA-OsUOA
001 131958
007 ta
008 20180625b un ||||| |||| 00| 0 ukr d
100 _aОлійник О.
090 _a330(477)
_bО-54
942 _cSA
040 _aUA-OsUOA
_bukr
_cUA-OsUOA
_dUA-OsUOA
245 _aІнституційне забезпечення банківського нагляду в ЄС
300 _aС.60-80
955 _a0
041 _aukr
080 _a330(477)
773 0 _w131953
_tБанківська справа
_dК.
_d2018
_g2
650 7 _a330 Економіка взагалі
_2UDC
999 _c420406
_d420406